[Event "12th Fajr Open"]
[Site "Isfahan IRI"]
[Date "2004.02.11"]
[Round "8"]
[White "Hakki,I"]
[Black "Mallahi,A"]
[Result "1-0"]
[WhiteElo "2444"]
[BlackElo "2378"]

1.e4 c5 2.Nf3 Nc6 3.Bb5 g6 4.c3 Nf6 5.e5 Nd5 6.d4 cxd4 7.Qb3 Nc7 8.cxd4 Bg7
9.a4 a6 10.Bxc6 dxc6 11.a5 Nd5 12.Nbd2 O-O 13.O-O Nc7 14.h3 Nb5 15.Ra4 Be6
16.Qd3 Bd5 17.Ne4 Bxe4 18.Qxe4 Qd5 19.Qh4 f6 20.Re1 Rad8 21.Be3 Qb3 22.Raa1 Qxb2
23.Qg4 f5 24.Qh4 f4 25.Rab1 Qc3 26.Bxf4 Nxd4 27.Rxb7 Nf5 28.Qg4 Qxa5 29.Rc1 Qd5
30.Bg5 Rb8 31.Ra7 Ra8 32.Rc7 Rfc8 33.R1xc6 Rxc7 34.Rxc7 Rb8 35.Rc1 h6 36.Bd2 Kh7
37.h4 Rf8 38.h5 gxh5 39.Qxh5 Nd4 40.Nxd4 Qxd4 41.Qe2 Bxe5 42.Qe3  1-0

[Event "FSIM February"]
[Site "Budapest HUN"]
[Date "2004.02.12"]
[Round "6"]
[White "Galyas,M"]
[Black "Dub,Z"]
[Result "1/2-1/2"]
[WhiteElo "2436"]
[BlackElo "2270"]

1.e4 c5 2.Nf3 Nc6 3.Bb5 Qb6 4.Nc3 e6 5.Bxc6 Qxc6 6.d4 cxd4 7.Nxd4 Qc7 8.O-O a6
9.a4 b6 10.Re1 Bb7 11.e5 Bc5 12.Nf3 Ne7  1/2-1/2

[Event "AS04 Centenary"]
[Site "Copenhagen DEN"]
[Date "2004.02.13"]
[Round "7"]
[White "Rozentalis,E"]
[Black "Damm,K"]
[Result "1-0"]
[WhiteElo "2625"]
[BlackElo "2169"]

1.e4 c5 2.Nf3 Nc6 3.Bb5 g6 4.O-O Bg7 5.Re1 e6 6.c3 Nge7 7.d4 cxd4 8.cxd4 d5
9.e5 Bd7 10.Nc3 Rc8 11.Bg5 Qb6 12.Qd2 h6 13.Bf6 Bxf6 14.exf6 Nf5 15.Rad1 h5
16.Ba4 Kf8 17.Bc2 Ncxd4 18.Nxd4 Nxd4 19.Qxd4 Qxb2 20.Ba4 Bxa4 21.Nxa4 Qxd4
22.Rxd4 g5 23.h4 gxh4 24.Nb2 Rh6 25.Rf4 Rc3 26.Re3 Rxe3 27.fxe3 Rg6 28.Kf2 Rg4
29.Nd3 Rg5 30.Rxh4 Ke8 31.Ra4 a6 32.Nc5 d4 33.exd4 Rf5+ 34.Kg3 Rxf6 35.Nxb7 Rg6+
36.Kh3 Rg4 37.Nc5 a5 38.Nb3 e5 39.Rxa5 exd4 40.Rd5 d3 41.Rxd3 Ra4 42.Rd2 Ke7
43.Nc5  1-0

[Event "ch-CZE"]
[Site "Karlovy Vary CZE"]
[Date "2004.02.17"]
[Round "1"]
[White "Jansa,Vl"]
[Black "Jirovsky,M"]
[Result "1/2-1/2"]
[WhiteElo "2477"]
[BlackElo "2526"]

1.e4 c5 2.Nf3 Nc6 3.Bb5 g6 4.O-O Bg7 5.c3 Nf6 6.Re1 O-O 7.h3 e5 8.a3 a6 9.Bxc6 dxc6
10.d3 Re8 11.Qc2 a5 12.a4 b6 13.Na3 Ba6 14.Nc4 Bxc4 15.dxc4 Qc7 16.Be3 Nd7
17.Rad1 Nf8 18.Rd3 Rad8 19.Red1 Ne6 20.Ng5 Rxd3 21.Rxd3 Nxg5 22.Bxg5 f6 23.Be3 Rd8
24.b4 Bf8 25.b5 Rxd3 26.Qxd3 Qd6 27.Qxd6 Bxd6 28.bxc6 Kf7 29.g3 g5 30.h4 Kg6
31.f3 Bc7 32.Kg2 Bd6 33.Bd2 h5 34.hxg5 fxg5 35.Be1 Kf6 36.Bd2 Bc7 37.Bc1 Bb8
38.Be3 Bc7 39.Bd2 Bd6 40.f4 exf4 41.gxf4 gxf4 42.Be1 Kg5 43.Kh3 Kf6 44.Bh4+ Ke5
45.Bd8 Kxe4 46.c7 Bxc7 47.Bxc7 Kd3 48.Bxb6 Kxc3 49.Bxa5+ Kb3 50.Bd2  1/2-1/2

[Event "Aeroflot Open"]
[Site "Moscow RUS"]
[Date "2004.02.17"]
[Round "1"]
[White "Bellini,F"]
[Black "Moiseenko,A"]
[Result "0-1"]
[WhiteElo "2502"]
[BlackElo "2623"]

1.e4 c5 2.Nf3 Nc6 3.Bb5 e6 4.O-O Nge7 5.Re1 Nd4 6.Nxd4 cxd4 7.c4 Ng6 8.d3 Be7
9.Nd2 O-O 10.Ba4 e5 11.Rb1 d6 12.b4 Kh8 13.Nf1 Bg5 14.Kh1 Bxc1 15.Rxc1 a5
16.bxa5 Qxa5 17.Bb3 f5 18.exf5 Bxf5 19.Ng3 Nf4 20.Ne4 Qxe1+ 21.Qxe1 Nxd3
22.Qd2 Nxc1 23.Qxc1 Bxe4 24.Qd2 h6 25.h3 d3 26.Qe3 Rf4 27.c5 dxc5 28.Qxc5 Bc6
29.f3 d2 30.Qxe5 Rb4 31.Qd6 Rxb3 32.Qxd2 Rba3  0-1

[Event "Aeroflot Open"]
[Site "Moscow RUS"]
[Date "2004.02.17"]
[Round "1"]
[White "Vescovi,G"]
[Black "Novikov,S"]
[Result "0-1"]
[WhiteElo "2633"]
[BlackElo "2515"]

1.e4 c5 2.Nf3 Nc6 3.Bb5 e6 4.Bxc6 bxc6 5.d3 Ne7 6.Qe2 f6 7.Nh4 g6 8.f4 Bg7
9.O-O O-O 10.c4 d6 11.Nc3 h6 12.Be3 g5 13.Nf3 gxf4 14.Bxf4 e5 15.Bd2 Rb8
16.b3 Ng6 17.Rf2 f5 18.exf5 Bxf5 19.Raf1 Qd7 20.Be3 Nf4 21.Bxf4 exf4 22.Qd2 Bg4
23.Ne2 Qf5 24.h3 Bh5 25.Kh1 Rbe8 26.Nfg1 Qg5 27.Rxf4 Rxf4 28.Nxf4 Be5 29.Qc1 Qg3
30.h4 Rf8 31.Ngh3 Bg4 32.d4 Bxh3 33.gxh3 Bxf4 34.Rg1 Bxc1 35.Rxg3+ Kf7 36.dxc5 dxc5
37.Rf3+ Ke7 38.Rg3 Kf7 39.Rf3+ Ke7 40.Rg3 a5  0-1

[Event "V Comunic Masters"]
[Site "Sao Paulo BRA"]
[Date "2004.02.18"]
[Round "9"]
[White "Dumont,S"]
[Black "Cruz,A BOL"]
[Result "1-0"]
[WhiteElo "2341"]
[BlackElo "2244"]

1.e4 c5 2.Nf3 Nc6 3.Bb5 e6 4.O-O Nge7 5.c3 a6 6.Ba4 d5 7.exd5 Qxd5 8.d4 b5
9.Bb3 Qh5 10.a4 Bb7 11.axb5 axb5 12.Rxa8+ Bxa8 13.dxc5 Ng6 14.Na3 Bxc5 15.Nxb5 O-O
16.Ng5 Qxd1 17.Bxd1 Nce5 18.b4 Bb6 19.Be3 Bxe3 20.fxe3 h6 21.Nf3 Nc4 22.Re1 Rd8
23.Kf2 Kf8 24.Be2 Nce5 25.Nxe5 Nxe5 26.Ra1 Be4 27.Nd4 Rc8 28.Ra3 Nd3+ 29.Bxd3 Bxd3
30.b5 e5 31.b6 Ke7 32.b7  1-0

[Event "5th Montenegro Open"]
[Site "Sozina SCG"]
[Date "2004.02.18"]
[Round "1"]
[White "Sofronie,I"]
[Black "Jakic,V"]
[Result "1-0"]
[WhiteElo "2416"]
[BlackElo "2090"]

1.e4 c5 2.Nf3 Nc6 3.Bb5 g6 4.Bxc6 dxc6 5.d3 Bg7 6.h3 b6 7.Nc3 h6 8.Be3 Nf6
9.Qd2 g5 10.Ng1 Qc7 11.f4 gxf4 12.Bxf4 e5 13.Be3 Be6 14.b3 O-O-O 15.Qf2 Nd7
16.Nge2 Rhg8 17.O-O-O h5 18.Rdf1 h4 19.Nd1 Qd6 20.Kb1 f5 21.exf5 Bd5 22.Rhg1 e4
23.dxe4 Qe5 24.Nec3 Bxe4 25.Bf4  1-0

[Event "2nd Breizh Masters B"]
[Site "Guingamp FRA"]
[Date "2004.02.19"]
[Round "7"]
[White "Mullon,J"]
[Black "Terrieux,K"]
[Result "1-0"]
[WhiteElo "2325"]
[BlackElo "2262"]

1.e4 c5 2.Nf3 Nc6 3.Bb5 Nd4 4.Nxd4 cxd4 5.O-O a6 6.Bc4 g6 7.c3 dxc3 8.bxc3 Bg7
9.Qb3 e6 10.Ba3 Ne7 11.d4 O-O 12.Bd6 Re8 13.Nd2 b5 14.Bd3 Nc6 15.e5 Na5 16.Qd1 Nb7
17.Ne4 f5 18.exf6 Bxf6 19.Qf3 Bg7 20.a4 bxa4 21.Rxa4 Ra7 22.Bb8 Ra8 23.Be5 Rf8
24.Qg3 d5 25.Ng5 Bxe5 26.dxe5 Qe8 27.Nxh7 Kxh7 28.Rh4+ Kg7 29.Qg5  1-0

[Event "5th Montenegro Open"]
[Site "Sozina SCG"]
[Date "2004.02.19"]
[Round "2"]
[White "Toth,Al"]
[Black "Kontic,D"]
[Result "1-0"]
[WhiteElo "2132"]
[BlackElo "2313"]

1.e4 c5 2.Nf3 Nc6 3.Bb5 Nd4 4.Nxd4 cxd4 5.c3 Qb6 6.Ba4 Qg6 7.Qf3 d3 8.O-O Nf6
9.Re1 e5 10.Qxd3 Bc5 11.Qg3 Qxg3 12.hxg3 Ng4 13.Rf1 O-O 14.Bd1 d6 15.d3 a5
16.Bxg4 Bxg4 17.Re1 f5 18.Be3 Bxe3 19.Rxe3 f4 20.gxf4 exf4 21.Re1 f3 22.Nd2 fxg2
23.Kxg2 a4 24.f3 Bh5 25.Kf2 Ra5 26.Ke3 Bf7 27.b4 axb3 28.axb3 Rfa8 29.Rxa5 Rxa5
30.Nc4 Bxc4 31.bxc4 b5 32.cxb5 Rxb5 33.c4 Rc5 34.Rb1 h5 35.Rb5 Kf7 36.f4 g6
37.Rxc5 dxc5 38.d4 cxd4+ 39.Kxd4 Ke6 40.Ke3 Kd6 41.Kf3 Ke6 42.Kg3 Ke7 43.Kh4 Kf6
44.c5 Ke6 45.Kg5 Kd7 46.f5 gxf5 47.exf5  1-0

[Event "5th Montenegro Open"]
[Site "Sozina SCG"]
[Date "2004.02.20"]
[Round "3"]
[White "Pikula,D"]
[Black "Stojanovic,Da"]
[Result "1-0"]
[WhiteElo "2532"]
[BlackElo "2440"]

1.e4 c5 2.Nf3 Nc6 3.Bb5 g6 4.Bxc6 dxc6 5.h3 Bg7 6.d3 Nf6 7.Nc3 Nd7 8.Be3 e5
9.Qd2 Qe7 10.Bh6 Bxh6 11.Qxh6 f6 12.Nd2 Nf8 13.f4 exf4 14.Qxf4 Ne6 15.Qf2 Nd4
16.Nf3 Qd6 17.Nxd4 cxd4 18.Ne2 c5 19.O-O O-O 20.Qf4 Qe5 21.Rf2 Be6 22.b3 Kg7
23.Qh4 Bg8 24.g4 b5 25.a4 a6 26.axb5 axb5 27.Raf1 c4 28.bxc4 bxc4 29.Qg3 Be6
30.Kg2 Rf7 31.Nf4 cxd3 32.cxd3 Bb3 33.Rb1 Ra3 34.Rbb2 Re7 35.Qf3 Rea7 36.Rfd2 Bf7
37.Qf2 Rb3 38.Rxb3 Bxb3 39.Ne2 Ra4 40.Ng1 Bf7 41.Nf3 Qf4 42.Qg3 Qxg3+ 43.Kxg3 Rb4
44.h4 Kf8 45.g5 Kg7 46.Kf4 h6 47.gxf6+ Kxf6 48.Rc2 Be8 49.Rc7 Rb1 50.e5+ Ke6
51.Ke4  1-0

[Event "1st Balagne Open"]
[Site "Calvi FRA"]
[Date "2004.02.22"]
[Round "2"]
[White "Galdunts,S"]
[Black "Katz,F"]
[Result "1-0"]
[WhiteElo "2506"]
[BlackElo "2114"]

1.e4 c5 2.Nf3 Nc6 3.Bb5 Qb6 4.Nc3 e6 5.O-O Nge7 6.Re1 Nd4 7.a4 Nxb5 8.axb5 d6
9.d4 Bd7 10.dxc5 dxc5 11.Ne5 Qd8 12.Bg5 f6 13.Bxf6 gxf6 14.Qh5+ Ng6 15.Nxg6 hxg6
16.Qxg6+ Ke7 17.Nd5+ exd5 18.exd5+ Be6 19.Rxe6+ Kd7 20.Qf7+  1-0

[Event "1st Balagne Open"]
[Site "Calvi FRA"]
[Date "2004.02.22"]
[Round "3"]
[White "Bojkov,D"]
[Black "Kozakov,M"]
[Result "1-0"]
[WhiteElo "2415"]
[BlackElo "2462"]

1.e4 c5 2.Nf3 Nc6 3.Bb5 g6 4.Bxc6 dxc6 5.d3 Bg7 6.Nc3 e5 7.Be3 Qe7 8.h3 Nf6
9.Qd2 O-O 10.Bh6 Ne8 11.O-O-O f6 12.Nh2 Nc7 13.Bxg7 Kxg7 14.g3 Ne6 15.f4 Nd4
16.h4 Be6 17.Kb1 c4 18.dxc4 Rad8 19.Qe3 Bxc4 20.Ng4 Be6 21.fxe5 fxe5 22.Nxe5 Bxa2+
23.Nxa2 Qxe5 24.h5 g5 25.h6+ Kg6 26.c3 Nb3 27.Nc1 Rxd1 28.Rxd1 Nxc1 29.Kxc1 Kxh6
30.Rd7 Rf1+ 31.Kc2 Qf6 32.Rd2 Qf3 33.Qd4 Qxg3 34.e5 Qf4 35.Qd6+ Kh5 36.Kb3 Re1
37.Qd7 Qxe5 38.Rh2+ Qxh2 39.Qxh7+ Kg4 40.Qxh2 Kf3 41.Qh3+ Kf4 42.Qg2 Re3
43.Qf2+ Rf3 44.Qd4+ Kg3 45.Qxa7 g4 46.Qxb7 Kf2 47.Qb6+ Ke2 48.Qg1 g3 49.Kc2 c5
50.b3  1-0

[Event "Aeroflot Open"]
[Site "Moscow RUS"]
[Date "2004.02.22"]
[Round "6"]
[White "Kobalia,M"]
[Black "Bocharov,D"]
[Result "1/2-1/2"]
[WhiteElo "2643"]
[BlackElo "2565"]

1.e4 c5 2.Nf3 Nc6 3.Bb5 g6 4.O-O Bg7 5.c3 Nf6 6.Re1 O-O 7.h3 e5 8.d4 cxd4
9.cxd4 Nxd4 10.Nxd4 exd4 11.Qxd4 d5 12.e5 Ne4 13.Nd2 Bf5 14.g4 Nxd2 15.Bxd2 Qh4
16.Bf4 Be4 17.Qe3 Qe7 18.Bd3 Bxe5 19.Bxe4 Bxf4 20.Qxf4 dxe4 21.Rxe4 Qd7 22.Rd4 Qe7
23.Qe4 Rfe8 24.Qxe7 Rxe7 25.Rad1 Rae8 26.Rd7 Kf8 27.Kg2 Rxd7 28.Rxd7 Re7
29.Rxe7 Kxe7 30.Kf3 h6 31.Ke4 Ke6 32.h4 f6 33.b4 b6 34.h5 gxh5 35.gxh5 f5+
36.Kd4 Kf6 37.f4 Ke6 38.Kc4 a6 39.Kd4 Kd6 40.Kc4 Ke6 41.a3 Kd6 42.a4 Kc6
43.a5 b5+ 44.Kd4  1/2-1/2

[Event "53rd ch-BUL w"]
[Site "Sofia BUL"]
[Date "2004.02.22"]
[Round "6"]
[White "Djingarova,E"]
[Black "Gocheva,R"]
[Result "1-0"]
[WhiteElo "2344"]
[BlackElo "2219"]

1.e4 c5 2.Nf3 Nc6 3.Bb5 d6 4.Bxc6+ bxc6 5.O-O e5 6.c3 Bg4 7.d3 Nf6 8.Nbd2 Be7
9.h3 Bxf3 10.Nxf3 Nd7 11.d4 Bf6 12.Be3 exd4 13.cxd4 O-O 14.dxc5 dxc5 15.Qa4 Qb6
16.Rad1 Rfd8 17.Rd6 Ne5 18.Nxe5 Bxe5 19.Rxc6 Qxb2 20.Rxc5 Re8 21.Ra5 Re7
22.Qc6 Qb8 23.Rd1 h6 24.Rad5 Kh7 25.Qc2 Qc8 26.Qd3 g6 27.f4 Bg7 28.e5 h5
29.Bf2 Qc6 30.Rd7 Rxd7 31.Qxd7 Qe4 32.Qd5 Qxd5 33.Rxd5 a6 34.Rd7 Kg8 35.Rd6 Bf8
36.Rc6 Bb4 37.a4 Bd2 38.g3 h4 39.Kg2 hxg3 40.Kxg3 a5 41.Bb6 Rb8 42.Rd6 Bb4
43.Rd8+ Rxd8 44.Bxd8 Kf8 45.Kg4 Ke8 46.Bb6 Bc3 47.f5 Bxe5 48.Bxa5 Bd4 49.Bb4 Bf6
50.a5 Kd7 51.a6 Kc7 52.Bc5 Kb8 53.Be3 Ka8 54.Kf4 Kb8 55.Ke4 Ka8 56.Kf4 Kb8
57.Ke4 Kc7 58.fxg6 fxg6 59.Kd5 Bh4 60.Ke6 Kb8 61.Kf7 g5 62.Kg6 Ka8 63.Kf5 Kb8
64.Kg4 Ka8 65.Kf3 Kb8 66.Kg4 Ka8 67.Bxg5 Bf2 68.Kf3 Be1 69.Be3 Bh4 70.Kg4 Be1
71.Bf4 Ka7 72.Bg3 Bc3 73.h4 Kxa6 74.h5 Kb7 75.h6 Kc6 76.Kf5 Kd5 77.Bh4  1-0

[Event "5th Montenegro Open"]
[Site "Sozina SCG"]
[Date "2004.02.24"]
[Round "7"]
[White "Perunovic,Mil"]
[Black "Djukic,Ni"]
[Result "1-0"]
[WhiteElo "2550"]
[BlackElo "2448"]

1.e4 c5 2.Nf3 Nc6 3.Bb5 e6 4.O-O Nge7 5.c3 a6 6.Ba4 b5 7.Bc2 Bb7 8.Re1 Rc8
9.a4 d5 10.axb5 axb5 11.Qe2 Qb6 12.exd5 Nxd5 13.Na3 Na7 14.d4 Be7 15.dxc5 Bxc5
16.Ne5 O-O 17.Nd7 Qc6 18.Nxf8 Nf6 19.Qf3 Qxf3 20.gxf3 Kxf8 21.Be3 Bxf3 22.Bd3 Bxe3
23.Rxe3 Bc6 24.Nc2 Rc7 25.Nd4 Bd7 26.Ra5 b4 27.c4 Nc6 28.Ra8+ Ne8 29.Nb5 Rb7
30.Be4 Rb6 31.Nd6 Nd4 32.Nxe8 Bxe8 33.c5 Rb5 34.Rd3  1-0

[Event "5th Montenegro Open"]
[Site "Sozina SCG"]
[Date "2004.02.24"]
[Round "7"]
[White "Sedlak,N"]
[Black "Vuckovic,Bo"]
[Result "1/2-1/2"]
[WhiteElo "2539"]
[BlackElo "2511"]

1.e4 c5 2.Nf3 Nc6 3.Bb5 d6 4.O-O Bd7 5.Re1 Nf6 6.h3 e6 7.c3 Ne5 8.Bxd7+ Qxd7
9.d4 Nxf3+ 10.Qxf3 cxd4 11.cxd4 d5 12.e5 Ne4 13.Nd2 Nxd2 14.Bxd2 Be7 15.Qg3 g6
16.Bh6 O-O-O 17.Qf3 Bb4 18.Rec1+ Kb8 19.Rc2 Rc8 20.Rac1 Ba5 21.Rxc8+ Rxc8
22.Rxc8+ Kxc8 23.Qf6 Qe8 24.Qg7 Bb6 25.Be3 h5 26.a4 Ba5 27.b3 Bb4 28.Kh2 Kc7
29.h4 b5 30.axb5 Kb6 31.Kh3 Kxb5 32.f3 Bc3 33.g4 Kb4 34.gxh5 gxh5 35.Qh7 a5
36.Qxh5 Qg8 37.f4 Be1 38.Qf3 Qh7 39.h5 Qf5+ 40.Kg2 Bc3 41.Qd1 Qe4+ 42.Kf2 Qf5
43.Kg3 Qe4 44.Kf2 Qf5 45.Qg4 Qd3 46.Qf3 Qf5  1/2-1/2

[Event "48th ch-BLR w"]
[Site "Minsk BLR"]
[Date "2004.02.25"]
[Round "6"]
[White "Gerasimovitch,O"]
[Black "Savushkina,E"]
[Result "0-1"]
[WhiteElo "2226"]
[BlackElo "2053"]

1.e4 c5 2.Nf3 Nc6 3.Bb5 d6 4.Bxc6+ bxc6 5.h3 g6 6.O-O Bg7 7.d3 Rb8 8.Nc3 f6
9.Rb1 Nh6 10.Be3 O-O 11.Qd2 Nf7 12.Nh2 Qa5 13.b3 f5 14.Na4 Qxd2 15.Bxd2 fxe4
16.dxe4 c4 17.b4 d5 18.c3 Nd6 19.Nc5 dxe4 20.Rfe1 Bf5 21.Rbc1 Rbd8 22.Bg5 Rf7
23.g4 Bc8 24.Nxe4 Nxe4 25.Rxe4 h6 26.Be3 Ba6 27.Bxa7 Rd3 28.Re3 Rd2 29.Re6 Rxa2
30.Rxg6 Kh7 31.Re6 Bc8 32.Rxc6 Bb7 33.Rc7 Rxa7 34.b5 Ra2 35.Rxb7 Raxf2 36.b6 Be5
37.Nf1 R2f3 38.Rd7 Bxc3 39.b7 Be5 40.Rd8 Rb3 41.Rd5 Bb8 42.Rxc4 Ba7+ 43.Rdc5 Rxb7
44.Kg2 Bxc5 45.Rxc5 Rb2+ 46.Kg1 Rb1 47.Rf5 Rxf5 48.gxf5 Kg7 49.Kg2 Kf6 50.Ng3 Rb2+
51.Kf3 Rb3+ 52.Kg2 Rxg3+ 53.Kxg3  0-1

[Event "5th Montenegro Open"]
[Site "Sozina SCG"]
[Date "2004.02.26"]
[Round "9"]
[White "Cabrilo,G"]
[Black "Andrijevic,M"]
[Result "1-0"]
[WhiteElo "2484"]
[BlackElo "2402"]

1.e4 c5 2.Nf3 Nc6 3.Bb5 e6 4.O-O Nge7 5.c3 a6 6.Ba4 b5 7.Bc2 Bb7 8.Qe2 d5
9.e5 d4 10.Be4 Qb6 11.cxd4 Nxd4 12.Nxd4 cxd4 13.d3 Bxe4 14.Qxe4 Rc8 15.Nd2 Nc6
16.Nf3 Be7 17.Qg4 Kf8 18.Bd2 h5 19.Qf4 Rh6 20.Rac1 Rg6 21.Qe4 Kg8 22.Nxd4 Na7
23.Rxc8+ Nxc8 24.Rc1 Bc5 25.b4 Bxd4 26.Rxc8+ Kh7 27.Qf3 Bxf2+ 28.Qxf2 Rxg2+
29.Kxg2 Qb7+ 30.Kf1 Qxc8 31.Qxf7 Qc6 32.Qxh5+ Kg8 33.Ke2 Qg2+ 34.Kd1 Qh1+
35.Be1 Qd5 36.Qe2 Qd4 37.Qe4 Qa1+ 38.Ke2 Qxa2+ 39.Bd2 Qa1 40.h4 Qg1 41.Be3 Qh2+
42.Bf2 Kh8 43.Qa8+ Kh7 44.Qe4+ Kh8 45.Qe3 Qh1 46.Qf3 Qa1 47.Qh5+  1-0

[Event "ch-BRA"]
[Site "Rio de Janeiro BRA"]
[Date "2004.02.27"]
[Round "2"]
[White "Dumont,S"]
[Black "Rocha Jorge,W"]
[Result "1/2-1/2"]
[WhiteElo "2341"]
[BlackElo "2255"]

1.e4 c5 2.Nf3 Nc6 3.Bb5 Qb6 4.Nc3 g6 5.O-O Bg7 6.a4 Nf6 7.Re1 O-O 8.h3 d6
9.Bxc6 bxc6 10.a5 Qc7 11.e5 Nd7 12.exd6 exd6 13.d4 d5 14.Bg5 cxd4 15.Nxd4 Qb7
16.Nb3 Ne5 17.a6 Qd7 18.Nc5 Qc7 19.Bf4 f6 20.b4 Rb8 21.Ra4 Re8 22.Bg3 Bf5
23.Ne2 Bf8 24.Nb7 Bc8 25.b5 cxb5 26.Qxd5+ Kh8 27.Qxb5 Bd7 28.Qa5 Qxa5 29.Rxa5 Bb4
30.Raa1  1/2-1/2

[Event "TCh-SWE 2003-4"]
[Site "Goteborg SWE"]
[Date "2004.02.28"]
[Round "8"]
[White "Kinnmark,O"]
[Black "Madebrink,L"]
[Result "1-0"]
[WhiteElo "2340"]
[BlackElo "2263"]

1.e4 c5 2.Nf3 Nc6 3.Bb5 g6 4.O-O Bg7 5.c3 Nf6 6.Re1 O-O 7.h3 d6 8.d4 cxd4
9.cxd4 a6 10.Bxc6 bxc6 11.Nc3 Rb8 12.Qe2 Qa5 13.Bf4 e5 14.dxe5 Nh5 15.Bg5 dxe5
16.Be7 Re8 17.Bd6 Rb7 18.Rad1 Qb6 19.Na4 Qb5 20.Nc5 Ra7 21.Qc2 f6 22.Re3 Nf4
23.Rb3 Qa5 24.Rb8 Qxa2 25.Nb3 Rd7 26.Ra1 Qxa1+ 27.Nxa1 Rxd6 28.Nb3 Bf8 29.Kh2 Red8
30.Na5 Be6 31.Rxd8 Rxd8 32.Qxc6 Rd6 33.Qc7 Nd3 34.Nb7 Rd7 35.Qc6 Kf7 36.Nd2 Be7
37.Nb3 Nf4 38.N3c5  1-0

[Event "Open"]
[Site "Jersey JCI"]
[Date "2004.02.28"]
[Round "7"]
[White "Richards,J"]
[Black "Fulton,AR"]
[Result "0-1"]
[WhiteElo "2035"]
[BlackElo "2099"]

1.e4 c5 2.Nf3 Nc6 3.Bb5 e6 4.O-O Nge7 5.c3 a6 6.Ba4 b5 7.Bc2 c4 8.b3 d5 9.d4 g6
10.bxc4 bxc4 11.Qe2 Bg7 12.Re1 O-O 13.Ba3 Re8 14.Nbd2 Qa5 15.Bxe7 Rxe7 16.Qe3 Rb8
17.exd5 exd5 18.Qf4 Be6 19.Qd6 Rb6 20.Rab1 Rd7 21.Qc5 Qxc5 22.dxc5 Rxb1 23.Nxb1 Rc7
24.Ba4 Nd8 25.Nd4 Rxc5 26.a3 Ra5 27.Bc2 Bf8 28.a4 Bd7 29.Nd2 Ne6 30.N2f3 Bd6
31.g3 Rc5 32.Rb1 Bc7 33.Kf1 Ba5 34.Ne2 Rc8 35.Ne5 Be8 36.Rb7 Nc5 37.Rb1 Bc7
38.Nf3 Bxa4 39.Bxa4 Nxa4 40.Rd1 Rd8 41.Nfd4 Rd6 42.Ra1 Nc5 43.Nc2 Bd8 44.Ncd4 Bf6
45.Ra5 Nb3 46.Ra3 Rb6 47.Nf4 Bxd4 48.Nxd5 Rd6  0-1

[Event "ch-BRA"]
[Site "Rio de Janeiro BRA"]
[Date "2004.03.01"]
[Round "7"]
[White "Pinto,C"]
[Black "Borges,Gu"]
[Result "1/2-1/2"]
[WhiteElo "2219"]
[BlackElo "2134"]

1.e4 c5 2.Nf3 Nc6 3.Bb5 a6 4.Bxc6 dxc6 5.O-O g6 6.Re1 Bg7 7.a4 b6 8.d3 e5
9.Be3 a5 10.Nbd2 Ba6 11.b3 Ne7 12.Nc4 Bxc4 13.dxc4 O-O 14.Qe2 Qc7 15.Red1 Rad8
16.Rxd8 Rxd8 17.Rd1 f6 18.Rxd8+ Qxd8 19.Qd2 Qxd2 20.Nxd2 Kf7 21.c3 Nc8 22.Kf1 Bf8
23.Ke2 Ke6 24.f3 Be7 25.g4 Bf8 26.Kd3 Be7 27.Nf1 Bf8 28.Bd2 Be7 29.Ne3 Bf8
30.Nc2 Be7 31.h4 Bf8 32.b4 Kd7 33.b5 Ke6 34.bxc6 Kd6 35.Ne3 Kxc6 36.Nd5 Bg7
37.g5 f5 38.exf5 gxf5 39.h5 Nd6 40.h6 Bh8 41.Ke2 f4 42.Kd3 Nf7 43.g6 hxg6
44.Ne7+ Kd6 45.Nxg6 Bf6 46.h7 Ke6 47.Nf8+ Ke7 48.Ng6+ Ke6 49.Ke2 Bg7 50.Be1 Kf6
51.h8=Q Nxh8 52.Nxh8 Bxh8 53.Bh4+ Kf5 54.Bd8 e4 55.fxe4+ Kxe4 56.Bxb6 Bxc3
57.Bxc5 Bd4 58.Bd6 f3+ 59.Kf1 Be3 60.Bc7 Bd2 61.Bb6 Bc3 62.c5 Bd4 63.Bxa5 Bxc5
64.Be1 Kd5  1/2-1/2

[Event "ch-TUR"]
[Site "Kusadasi TUR"]
[Date "2004.03.02"]
[Round "5"]
[White "Can,E"]
[Black "Erturan,Y"]
[Result "1/2-1/2"]
[WhiteElo "2181"]
[BlackElo "2273"]

1.e4 c5 2.Nf3 Nc6 3.Bb5 e6 4.O-O Nge7 5.c3 a6 6.Be2 d5 7.exd5 Nxd5 8.d4 cxd4
9.Nxd4 Bd7 10.Bf3 Be7 11.Bxd5 exd5 12.Be3 O-O 13.Nd2 Ne5 14.Qb3 Bc6 15.N2f3 Bd6
16.Nxe5 Bxe5 17.Nf3 Bd6 18.Qb6 Bc7 19.Qd4 Re8 20.Bf4 Re4 21.Bxc7 Qxc7 22.Qd2 Rae8
23.Nd4 Qe5 24.f3 Re3 25.Rf2 Bb5 26.Nxb5 axb5 27.Rd1 Rd8 28.Kf1 b4 29.Qd4 Qxd4
30.cxd4 Ra8 31.Rc2 b3 32.axb3 Rxb3 33.Rdd2 g6 34.Kf2 Ra4 35.Rc5 Rab4 36.Rxd5 Rxb2
37.Rxb2 Rxb2+ 38.Kg3 Kf8 39.Rd7 b5 40.Rb7 Rd2 41.Rxb5 Rxd4 42.Rb7 Kg7 43.Rb6  1/2-1/2

[Event "ch-TUR"]
[Site "Kusadasi TUR"]
[Date "2004.03.02"]
[Round "6"]
[White "Yilmaz,T"]
[Black "Metin,M"]
[Result "1-0"]
[WhiteElo "2311"]
[BlackElo "2139"]

1.e4 c5 2.Nf3 Nc6 3.Bb5 e6 4.Bxc6 bxc6 5.Qe2 d6 6.e5 d5 7.d3 Ne7 8.h4 Nf5
9.h5 Rb8 10.b3 h6 11.Bb2 Be7 12.g4 Nh4 13.Nxh4 Bxh4 14.Nd2 a5 15.Ba3 Be7
16.Qe3 Qb6 17.f4 a4 18.O-O c4 19.Qxb6 Rxb6 20.Bxe7 Kxe7 21.dxc4 Ba6 22.Rf3 dxc4
23.Ne4 Rhb8 24.Kf2 Bb7 25.Rc3 Ra8 26.Rxc4 axb3 27.cxb3 Rxb3 28.axb3 Rxa1
29.Ra4 Rxa4 30.bxa4 c5 31.Nxc5 Bd5 32.a5 Ba2 33.g5 hxg5 34.h6 Bb1 35.Nxe6  1-0

[Event "ch-TUR"]
[Site "Kusadasi TUR"]
[Date "2004.03.02"]
[Round "6"]
[White "Haznedaroglu,K"]
[Black "Can,E"]
[Result "1/2-1/2"]
[WhiteElo "2360"]
[BlackElo "2181"]

1.e4 c5 2.Nf3 Nc6 3.Bb5 g6 4.Bxc6 dxc6 5.h3 Bg7 6.d3 Nf6 7.Nc3 Nd7 8.Be3 e5
9.Qd2 Qe7 10.Nh2 Nf8 11.Bh6 Bxh6 12.Qxh6 Ne6 13.Ng4 f6 14.O-O-O Nd4 15.Ne3 Be6
16.f4 exf4 17.Qxf4 O-O-O 18.Kb1 Rhf8 19.g4 Qc7 20.Qxc7+ Kxc7 21.Rdf1 Rf7
22.Rf4 Rdf8 23.Rhf1 h6 24.b3 b5 25.Kb2 Bc8 26.e5 f5 27.gxf5 Nxf5 28.Ne4 Kb6
29.Ng4 Be6 30.Ngf6 Ne3 31.R1f3 Nf5 32.h4 Nd4 33.Nd7+ Rxd7 34.Rxf8 Nxf3 35.Rxf3 Rd5
36.Rf6 Bf5 37.Nd6 Rxe5 38.Nxf5 Rxf5 39.Rxg6 Rh5 40.Rg4 Rd5 41.Kc3 a6 42.a4 Rf5
43.axb5 axb5 44.Re4 h5 45.Rf4  1/2-1/2

[Event "ch-BRA"]
[Site "Rio de Janeiro BRA"]
[Date "2004.03.02"]
[Round "8"]
[White "Dumont,S"]
[Black "Fucs,P"]
[Result "1-0"]
[WhiteElo "2341"]
[BlackElo "2152"]

1.e4 c5 2.Nf3 Nc6 3.Bb5 a6 4.Bxc6 dxc6 5.d3 Bg4 6.Be3 e6 7.Nbd2 Nf6 8.h3 Bh5
9.a4 a5 10.g4 Bg6 11.Ne5 Nd7 12.Nxd7 Qxd7 13.f4 f6 14.Qe2 Be7 15.Nc4 Qc7
16.Qf2 O-O 17.O-O b6 18.Rae1 Bf7 19.e5 Kh8 20.Bd2 b5 21.Na3 b4 22.Nc4 Rad8
23.b3 Rd5 24.Bc1 Bg8 25.Bb2 f5 26.g5 Bf7 27.Qf3 Kg8 28.h4 Rfd8 29.h5 Be8
30.Rf2 Bd7 31.Rfe2 Bc8 32.h6 g6 33.Qf2 Ba6 34.Nd6 Rd7 35.Ne8 Qd8 36.Nf6+ Kh8
37.Qg3 Rxd3 38.cxd3 Rxd3 39.Qg2 Rxb3 40.Rd2 Rd3 41.Red1 c4 42.Rxd3 cxd3 43.Qxc6  1-0

[Event "20th Open"]
[Site "Cappelle la Grande FRA"]
[Date "2004.03.03"]
[Round "6"]
[White "Tseitlin,Ma"]
[Black "Le Corre,B"]
[Result "1-0"]
[WhiteElo "2426"]
[BlackElo "2122"]

1.e4 c5 2.Nf3 Nc6 3.Bb5 e6 4.O-O Nge7 5.Re1 a6 6.Bxc6 Nxc6 7.d4 cxd4 8.Nxd4 d6
9.Nc3 Be7 10.Nxc6 bxc6 11.Qg4 g6 12.Bh6 e5 13.Qg3 Be6 14.Rad1 Qc7 15.f4 f6
16.Kh1 Rb8 17.b3 Rg8 18.fxe5 dxe5 19.Be3 Bb4 20.Rd3 Kf7 21.Rf1 Kg7 22.Bh6+ Kf7
23.Qh4 Be7 24.Bg5 f5 25.exf5 gxf5 26.Ne4 h6 27.Qh5+ Rg6 28.Bxe7 Qxe7 29.Rg3 Rg8
30.Rxf5+  1-0

[Event "ch-TUR"]
[Site "Kusadasi TUR"]
[Date "2004.03.04"]
[Round "7"]
[White "Can,E"]
[Black "Yilmaz,T"]
[Result "0-1"]
[WhiteElo "2181"]
[BlackElo "2311"]

1.e4 c5 2.Nf3 Nc6 3.Bb5 Qb6 4.Nc3 e6 5.O-O d6 6.Re1 Bd7 7.Bxc6 bxc6 8.d4 cxd4
9.Nxd4 Qc7 10.f4 e5 11.Nf3 Nf6 12.Kh1 Be7 13.h3 Rb8 14.b3 O-O 15.f5 Rfe8
16.Bb2 Bf8 17.Na4 d5 18.Nc3 d4 19.Nb1 c5 20.Nbd2 Bc6 21.g4 c4 22.g5 Nh5 23.Nf1 Bb4
24.Re2 Nf4 25.Ng3 Nxe2 26.Qxe2 c3 27.Bc1 Bb5 28.Qg2 Rbd8  0-1

[Event "ch-TUR"]
[Site "Kusadasi TUR"]
[Date "2004.03.04"]
[Round "7"]
[White "Olcayoz,A"]
[Black "Secer,A"]
[Result "1/2-1/2"]
[WhiteElo "2290"]
[BlackElo "2177"]

1.e4 c5 2.Nf3 Nc6 3.Bb5 g6 4.Bxc6 dxc6 5.d3 Bg7 6.h3 Nf6 7.Nc3 O-O 8.Be3 b6
9.Qd2 e5 10.Nh2 Re8 11.O-O-O a5 12.g4 a4 13.Rdg1 Nd7 14.h4 Nf8 15.h5 Ne6
16.hxg6 fxg6 17.g5 Nd4 18.Qd1 b5 19.Ng4 b4 20.Nf6+ Bxf6 21.gxf6 Qxf6 22.Nb1 Be6
23.a3 Ba2 24.Rg3 Bxb1 25.Kxb1 bxa3 26.bxa3 Rab8+ 27.Kc1 Rb7 28.Kd2 Rb2 29.Bxd4 cxd4
30.Qf3 Rf8 31.Qxf6 Rxf6 32.f3 Ra2 33.Rh5 Rxf3 34.Rxf3 gxh5 35.Rf5 Rxa3 36.Rxh5 Rc3
37.Rxe5 a3 38.Re8+ Kf7 39.Rd8 c5 40.Rd7+ Kg6 41.Rd6+ Kg5 42.Rd7 h5 43.Rg7+ Kf6
44.Rh7 Kg6 45.Rh8 Kg5 46.Rg8+ Kf6 47.Rh8 Kg6 48.Rg8+ Kh7 49.Rg5 Kh6 50.Rg8 Kh7
51.Rg5 Kh6 52.Rg8  1/2-1/2

[Event "ch-TUR"]
[Site "Kusadasi TUR"]
[Date "2004.03.04"]
[Round "8"]
[White "Haznedaroglu,K"]
[Black "Duman,A"]
[Result "1-0"]
[WhiteElo "2360"]
[BlackElo "2245"]

1.e4 c5 2.Nf3 Nc6 3.Bb5 g6 4.Bxc6 dxc6 5.h3 Bg7 6.d3 e5 7.Nc3 Qd6 8.Be3 Nf6
9.Qd2 O-O 10.Bh6 Be6 11.Bxg7 Kxg7 12.Qg5 Nd7 13.Qg3 f6 14.O-O-O b5 15.d4 Qb8
16.dxe5 Nxe5 17.Nxe5 fxe5 18.Qe3 c4 19.Qc5 b4 20.Na4 b3 21.axb3 cxb3 22.Rd6 Rxf2
23.Qxe5+ Kf8 24.Nc5 Rxc2+ 25.Kb1  1-0